عرض عادي عرض مارك
  • United States

دخول Geographic Name

عدد التسجيلات المستخدمة: 1

001 - CONTROL NUMBER

  • control field: 14752

003 - CONTROL NUMBER IDENTIFIER

  • control field: AE-AdECS

005 - DATE AND TIME OF LATEST TRANSACTION

  • control field: 20250422103914.0

008 - FIXED-LENGTH DATA ELEMENTS

  • fixed length control field: 250422|| aca||aabn | a|a d

040 ## - CATALOGING SOURCE

  • Original cataloging agency: AE-AdECS
  • Transcribing agency: AE-AdECS

151 ## - HEADING--GEOGRAPHIC NAME

  • Geographic name: United States
  • General subdivision: Defenses

670 ## - SOURCE DATA FOUND

  • Source citation: Work cat.: (AE-AdECS)290285: An American first approach to U.S. national security /

أبوظبي، الإمارات العربية المتحدة

reference@ecssr.ae

97124044780 +

حقوق النشر © 2026 مركز الإمارات للدراسات والبحوث الاستراتيجية جميع الحقوق محفوظة